000 00515nam a22001817a 4500
999 _c165361
_d165361
005 20190614130805.0
010 _aENG-125605
020 _a9788192799902
_c190.00
035 _aEN-109137
037 _bDBAD/PUB
082 _a573
100 _aReddy, V. Rami
245 _aAnthropology in the Service of Humanity/
_cby V. Rami Reddy
260 _aDelhi
_bV.Indira
270 _a8-30, Vidyanagar,
_bSvunt colony, Tirupati
_e517502
300 _a62p.
_c20cm(pbk)
942 _2ddc
_cEN
_h573
_mRED